Classement FNCS Finale Lyon de 2025 - Statistiques

Statistiques générales
  • Ce quiz a été pris 26 fois
    25 depuis la dernière actualisation
  • Le résultat moyen est 5 sur 33
Statistiques - réponses
Hint Réponse % Correct
Vainqueur TWIS Queasy / M8 Swizzy / M8 Merstach
90%
M8 MariusCOW / HavoK Pixie / M8 Vanyak3k
85%
Setty / Falcon japko / GLORE Panzer
50%
Havok IDropfv! / QAD Kami / Charry
40%
Demus / BIG Darm / Havok pixx
35%
Pablowingu 888 / Fredoxie / Tjino
35%
HavoK wox / M8 P1ngfnz / M8 Malibuca
30%
Xen Boltz / XEN Rapid / DIG Khanada
30%
Chap / MrSavage / Rezon
20%
16è DIG Acorn / Elite Ajerss / M8 Pollo!
20%
14è BIG Vic0 / Aight Flickzy! / XSET Veno
15%
22è BK ROG Hris / Falcon Tayson / Chico
10%
11è Shinden Fazer / Phzin / K1nG
10%
21è AlUla Hero / Glory 5aald / AlUla FKS4x
5%
32è AlUla Mansour1x / AlUla Balor / AlUla Adapter
5%
15è Falcon Peterbot / XSET Ritual / Twis Cold
5%
10è Fear Shadow1x / XSET Muz3x / Sphinx
5%
24è PWR Alex / PWR Resignz / PWR Anon
5%
33è ARMR Cazi / RVL Aspect! / JFT Tinka!
0%
30è CR Razl / EDGE Raito / CR TEITEI
0%
28è DFM Buyuriru / QTD Merem / FIS wickesy
0%
18è Elite Eomzo / XSET Clix / XSET Higgs
0%
20è Focus yhyh / NStar Upl / Mikson 75
0%
13è JOGO Reet / Curly / DIG Cooper
0%
17è MRN Bacca / Parz / Elite pxmp
0%
26è PWR Goofy / Lethal m0untain / VortexM
0%
29è Rafha Saad / AlUla Rew / Stallion Snowy
0%
25è Riddle Rise / ZETA Yuma / ZETA Koyota
0%
27è Scarpa / Wey / Gabzera
0%
12è Shinden Tisco / FLH Cadu / Stryker
0%
19è TYT sxhoolfn / Salko / sorin ark!
0%
31è VicterV / Paperfn / FaZe EpikWhale
0%
23è Visxals / Braydz / PB Aminished
0%
Aucun quiz correspondant
Distribution des résultats
% des personnes avec chaque résultat
Percentile par nombre de réponses
Votre historique - résultats
Vous n’avez pas pris ce quiz depuis la dernière actualisation